000 01334nam a2200313 a 4500
001 ebr10004924
003 CaPaEBR
006 m u
007 cr cn|||||||||
008 920630s1991 sz sb i001 0 eng
010 _z 92180718
020 _z9221071014
040 _aCaPaEBR
_cCaPaEBR
035 _a(OCoLC)70763997
050 1 4 _aT55.3.H3
_bI633 1991eb
082 0 4 _a363.11/7
_220
110 2 _aInternational Labour Office.
245 1 0 _aPrevention of major industrial accidents
_h[electronic resource] :
_ban ILO contribution to the International Programme of Chemical Safety of UNEP, the ILO, and the WHO (IPCS).
260 _aGeneva :
_bInternational Labour Office,
_c1991.
300 _axiii, 108 p.
490 1 _aAn ILC code of practice
504 _aIncludes bibliographical references (p. 95-101) and index.
533 _aElectronic reproduction.
_bPalo Alto, Calif. :
_cebrary,
_d2013.
_nAvailable via World Wide Web.
_nAccess may be limited to ebrary affiliated libraries.
650 0 _aHazardous substances
_xSafety measures.
655 7 _aElectronic books.
_2local
710 2 _aebrary, Inc.
810 2 _aInternational Labour Office.
_tILO codes of practice.
856 4 0 _uhttp://site.ebrary.com/lib/rucke/Doc?id=10004924
_zAn electronic book accessible through the World Wide Web; click to view
999 _c3242
_d3242